Design of concrete structures (Record no. 3628)

000 -LEADER
fixed length control field 00663nam a2200229 a 4500
001 - CONTROL NUMBER
control field 3628
003 - CONTROL NUMBER IDENTIFIER
control field BD-DhUET
008 - FIXED-LENGTH DATA ELEMENTS--GENERAL INFORMATION
fixed length control field 850621s1985 enka b 101 0 eng
020 ## - INTERNATIONAL STANDARD BOOK NUMBER
International Standard Book Number 007Y665486
040 ## - CATALOGING SOURCE
Original cataloging agency DLC
Transcribing agency DLC
Modifying agency BD-DhUET
082 00 - DEWEY DECIMAL CLASSIFICATION NUMBER
Classification number 624.183
Item number NIL/1986
100 ## - MAIN ENTRY--PERSONAL NAME
Personal name Nilson, Arthur H.
245 00 - TITLE STATEMENT
Title Design of concrete structures
Statement of responsibility, etc. by Arthur H. Nilson and George Winter
250 ## - EDITION STATEMENT
Edition statement 10th ed.
260 ## - PUBLICATION, DISTRIBUTION, ETC. (IMPRINT)
Place of publication, distribution, etc. New York:
Name of publisher, distributor, etc. McGraw Hill Book Company,
Date of publication, distribution, etc. 1986.
300 ## - PHYSICAL DESCRIPTION
Extent xi, 380 p. :
Other physical details ill. ;
Dimensions 23 cm.
490 ## - SERIES STATEMENT
Series statement Civil engineering series
504 ## - BIBLIOGRAPHY, ETC. NOTE
Bibliography, etc Includes bibliographies
650 #0 - SUBJECT ADDED ENTRY--TOPICAL TERM
Topical term or geographic name as entry element Reinforced concrete
700 ## - ADDED ENTRY--PERSONAL NAME
Personal name Winter, George
942 ## - ADDED ENTRY ELEMENTS (KOHA)
Koha item type General Book
Holdings
Withdrawn status Koha normalized classification for sorting Koha date last borrowed Copy number Koha full call number Sublocation or collection (holding branch) Price effective from Not for loan Koha issues (times borrowed) Damaged status Piece designation (barcode) Koha renewals Koha date last seen Location (home branch) Source of classification or shelving scheme Lost status Date acquired Koha item type Koha out on loan Shelving location
 624_000000000000000_183NIL19862026-02-231624.183/NIL/1986Central Library, BUET2014-11-02 6 7787312026-02-23Central Library, BUET  2014-11-02General Book2027-02-23Circulation section
 624_183000000000000_NIL_1986 ১০/ক-১624.183 NIL/1986Central Library, BUET2024-12-04   77816 2024-12-04Central Library, BUET  1990-10-23Rental Item Rental section
 624_183000000000000_NIL_1986 ১০/ক-২624.183 NIL/1986Central Library, BUET2024-12-04   77817 2024-12-04Central Library, BUET  1990-10-23Rental Item Rental section
 624_183000000000000_NIL_1986 ১০/ক-৩624.183 NIL/1986Central Library, BUET2024-12-04   77818 2024-12-04Central Library, BUET  1990-10-23Rental Item Rental section
 624_183000000000000_NIL_1986 ১০/ক-৪624.183 NIL/1986Central Library, BUET2024-12-04   77819 2024-12-04Central Library, BUET  1990-10-23Rental Item Rental section
 624_183000000000000_NIL_1986 ১০/ক-৫624.183 NIL/1986Central Library, BUET2024-12-04   77820 2024-12-04Central Library, BUET  1990-10-23Rental Item Rental section
 624_183000000000000_NIL_1986 ১০/ক-৬624.183 NIL/1986Central Library, BUET2024-12-04   77821 2024-12-04Central Library, BUET  1990-10-23Rental Item Rental section
 624_183000000000000_NIL_1986 ১০/ক-৭624.183 NIL/1986Central Library, BUET2024-12-04   77822 2024-12-04Central Library, BUET  1990-10-23Rental Item Rental section
 624_183000000000000_NIL_1986 ১০/ক-৮624.183 NIL/1986Central Library, BUET2024-12-04   77823 2024-12-04Central Library, BUET  1990-10-23Rental Item Rental section
 624_183000000000000_NIL_1986 ১০/ক-৯624.183 NIL/1986Central Library, BUET2024-12-04   77824 2024-12-04Central Library, BUET  1990-10-23Rental Item Rental section
 624_183000000000000_NIL_1986 ১০/ক-১০624.183 NIL/1986Central Library, BUET2024-12-04   77825 2024-12-04Central Library, BUET  1990-10-23Rental Item Rental section
 624_183000000000000_NIL_1986 ১০/ক-১১624.183 NIL/1986Central Library, BUET2024-12-04   77826 2024-12-04Central Library, BUET  1990-10-23Rental Item Rental section
 624_183000000000000_NIL_1986 ১০/ক-১২624.183 NIL/1986Central Library, BUET2024-12-04   77827 2024-12-04Central Library, BUET  1990-10-23Rental Item Rental section
 624_183000000000000_NIL_1986 ১০/ক-১৩624.183 NIL/1986Central Library, BUET2024-12-04   77828 2024-12-04Central Library, BUET  1990-10-23Rental Item Rental section
 624_183000000000000_NIL_1986 ১০/ক-১৪624.183 NIL/1986Central Library, BUET2024-12-04   77829 2024-12-04Central Library, BUET  1990-10-23Rental Item Rental section
 624_183000000000000_NIL_1986 ১০/ক-১৫624.183 NIL/1986Central Library, BUET2024-12-04   77830 2024-12-04Central Library, BUET  1990-10-23Rental Item Rental section
 624_183000000000000_NIL_1986 ১০/ক-১৬624.183 NIL/1986Central Library, BUET2024-12-04   77831 2024-12-04Central Library, BUET  1990-10-23Rental Item Rental section
 624_183000000000000_NIL_1986 ১০/ক-১৭624.183 NIL/1986Central Library, BUET2024-12-04   77832 2024-12-04Central Library, BUET  1990-10-23Rental Item Rental section
 624_183000000000000_NIL_1986 ১০/ক-১৮624.183 NIL/1986Central Library, BUET2024-12-04   77833 2024-12-04Central Library, BUET  1990-10-23Rental Item Rental section
 624_183000000000000_NIL_1986 ১০/ক-১৯624.183 NIL/1986Central Library, BUET2024-12-04   77834 2024-12-04Central Library, BUET  1990-10-23Rental Item Rental section
 624_183000000000000_NIL_1986 ১০/ক-২০624.183 NIL/1986Central Library, BUET2024-12-04   77835 2024-12-04Central Library, BUET  1990-10-23Rental Item Rental section